Estadísticas para Países con la Mayor Cantidad de Bosques

Haz click aquí para intentar la prueba.

Estadísticas generales

  • Esta prueba ha sido intentada 3.064 veces
    (2.408 desde el último reinicio)
  • La puntuación promedio es 14 de 20

Estadísticas de respuestas

km2País% Correcto
4,935,380Brasil
98%
8,149,305Rusia
97%
3,470,690Canadá
96%
3,100,950Estados Unidos
96%
2,083,213China
95%
585,017Colombia
89%
706,820India
87%
660,400México
85%
739,730Perú
82%
466,830Venezuela
81%
1,247,510Australia
80%
1,525,780R.D. Congo
77%
910,100Indonesia
73%
547,640Bolivia
67%
460,600Tanzania
53%
578,560Angola
45%
379,400Mozambique
39%
290,410Myanmar
35%
486,350Zambia
35%
335,590Papua Nueva Guinea
29%

Distribución de puntuación

Porcentaje por número respondido

Porcentaje de gente con cada puntuación

Historial de tus puntuaciones

No has intentado esta prueba desde el último reinicio